Visual basic .net : the complete reference (Record no. 170793)
[ view plain ]
| 000 -LEADER | |
|---|---|
| fixed length control field | 00390nam a2200145Ia 4500 |
| 008 - FIXED-LENGTH DATA ELEMENTS--GENERAL INFORMATION | |
| fixed length control field | 231217s9999 xx 000 0 und d |
| 041 ## - LANGUAGE CODE | |
| Language code of text/sound track or separate title | English |
| 082 ## - DEWEY DECIMAL CLASSIFICATION NUMBER | |
| Classification number | 001.6424BAS SHA;1 R |
| 100 ## - MAIN ENTRY--PERSONAL NAME | |
| Personal name | Shapiro, Jeffrey R |
| 245 #0 - TITLE STATEMENT | |
| Title | Visual basic .net : the complete reference |
| 260 ## - PUBLICATION, DISTRIBUTION, ETC. | |
| Date of publication, distribution, etc. | 2002 |
| Name of publisher, distributor, etc. | TMH |
| Place of publication, distribution, etc. | New Delhi |
| 300 ## - PHYSICAL DESCRIPTION | |
| Extent | xl+901 |
| 650 ## - SUBJECT ADDED ENTRY--TOPICAL TERM | |
| Topical term or geographic name entry element | Visual,basic,.net,:,complete |
| 942 ## - ADDED ENTRY ELEMENTS (KOHA) | |
| Koha item type | Books |
| Date last seen | Total checkouts | Full call number | Accession number | Cost, total (INR) price | Price effective from | Category | Lost status | Damaged status | Department | Withdrawn status | Home library | Current library | Shelving location | Entry date | Vendor | Cost, normal purchase price | Grants | Billnumber | Billdate | Currency symbol | Conversion rate | Discount | Old discount | Date due | Date last checked out |
|---|---|---|---|---|---|---|---|---|---|---|---|---|---|---|---|---|---|---|---|---|---|---|---|---|---|
| 26/01/2024 | 001.6424BAS SHA;1 R | 25479 | 360.00 | 26/01/2024 | Books | Central Library | Central Library | Central Library | Library Annex | 05/02/2004 | Book Paradise | 450.00 | MCA | 17606 | 21/07/2005 | RS | 1 | 90 | 20 | ||||||
| 26/01/2024 | 001.6424BAS SHA;2 R1 | 25480 | 360.00 | 26/01/2024 | Books | Central Library | Central Library | Central Library | Library Annex | 05/02/2004 | Book Paradise | 450.00 | MCA | 17606 | 21/07/2005 | RS | 1 | 90 | 20 | ||||||
| 26/01/2024 | 001.6424BAS SHA;3 | 25481 | 360.00 | 26/01/2024 | Books | Central Library | Central Library | Central Library | Central Library | 05/02/2004 | Book Paradise | 450.00 | MCA | 17606 | 21/07/2005 | RS | 1 | 90 | 20 | ||||||
| 01/04/2024 | 1 | 001.6424BAS SHA;4 | 35151 | 360.00 | 26/01/2024 | Books | Central Library | Central Library | Central Library | Central Library | 03/06/2005 | Sai Books | 450.00 | IS | 58 | 28/07/2003 | RS | 1 | 90 | 20 | 07/06/2010 | 01/04/2024 | |||
| 26/01/2024 | 001.6424BAS SHA;5 | 35152 | 360.00 | 26/01/2024 | Books | Central Library | Central Library | Central Library | Central Library | 03/06/2005 | Sai Books | 450.00 | IS | 58 | 28/07/2003 | RS | 1 | 90 | 20 | ||||||
| 26/01/2024 | 001.6424BAS SHA;6 | 35153 | 360.00 | 26/01/2024 | Books | Central Library | Central Library | Central Library | Central Library | 03/06/2005 | Sai Books | 450.00 | IS | 58 | 28/07/2003 | RS | 1 | 90 | 20 |
